[Event "Sarajevo Bosna op 49th"]
[Site "Sarajevo"]
[Date "2019.05.01"]
[Round "7"]
[White "Zaloznik, Vesna"]
[Black "Camdzija, Samir"]
[Result "1-0"]
[WhiteElo "1556"]
[BlackElo "1788"]
[PlyCount "157"]
[EventDate "2019.04.27"]
[EventType "swiss"]
[EventRounds "9"]
[EventCountry "BIH"]
[SourceTitle "CBM 190 Extra"]
[Source "ChessBase"]
[SourceDate "2019.07.15"]
[SourceVersion "1"]
[SourceVersionDate "2019.07.15"]
[SourceQuality "1"]

1. e4 c5 2. Nc3 Nc6 3. f4 e6 4. Bb5 Nge7 5. Nf3 g6 6. 0-0 Bg7 7. Qe1 Qb6 8. d3 Nd4 9. Ba4 Nec6 10. Bb3 Nxb3 11. axb3 d6 12. Kh1 Bd7 13. f5 0-0-0 14. Ng5 Rdf8 15. f6 Bh6 16. Nxf7 Rxf7 17. Bxh6 a6 18. Qg3 Qc7 19. Bf4 e5 20. Bh6 Nd4 21. Nd5 Qd8 22. Rf2 Kb8 23. b4 cxb4 24. Nxb4 Rxf6 25. Bg5 Rhf8 26. Bxf6 Rxf6 27. Rxf6 Qxf6 28. c3 Ne6 29. Nd5 Qg7 30. d4 Ka7 31. dxe5 Qxe5 32. Qe3+ Kb8 33. b4 Bc6 34. Rd1 Ng5 35. Re1 Ne6 36. c4 g5 37. Ne7 Bd7 38. Nf5 Bc6 39. Ne7 Bd7 40. Nd5 Bc6 41. Rf1 h6 42. h3 h5 43. g3 h4 44. gxh4 gxh4 45. Rg1 Nc7 46. Qe1 Qh5 47. Rg8+ Ne8 48. Rg4 Bd7 49. Rxh4 Qf3+ 50. Kh2 Qb3 51. c5 dxc5 52. bxc5 Qc2+ 53. Kh1 Qxc5 54. Qg3+ Kc8 55. Qe1 Bc6 56. Rh5 Qd4 57. Ne7+ Kc7 58. Nxc6 Kxc6 59. Rh6+ Kc7 60. Qg3+ Nd6 61. Rh7+ Kc6 62. Rh4 Qd1+ 63. Kh2 b5 64. Qg2 Kc5 65. e5 Nc4 66. e6 Qd6+ 67. Qg3 Qxe6 68. Qg1+ Kb4 69. Qb1+ Ka5 70. Qa2+ Kb4 71. Qd2+ Kb3 72. Qd3+ Kb4 73. Re4 Qc6 74. h4 Qc5 75. Rd4 Ka5 76. Qd1 Qe5+ 77. Kh3 Qf5+ 78. Rg4 Ne5 79. Qd8# 1-0

[Event "Sarajevo Galijatovic Memorial"]
[Site "Sarajevo"]
[Date "2019.02.14"]
[Round "2"]
[White "Halilovic, Fahrudin"]
[Black "Camdzija, Samir"]
[Result "0-1"]
[WhiteElo "2051"]
[BlackElo "1783"]
[PlyCount "114"]
[EventDate "2019.02.13"]
[EventType "swiss"]
[EventRounds "7"]
[EventCountry "BIH"]
[SourceTitle "CBM 189 Extra"]
[Source "ChessBase"]
[SourceDate "2019.06.03"]
[SourceVersion "1"]
[SourceVersionDate "2019.06.03"]
[SourceQuality "1"]

1. e4 c5 2. Nf3 Nc6 3. d4 cxd4 4. Nxd4 e5 5. Nb5 a6 6. Nd6+ Bxd6 7. Qxd6 Qe7 8. Qd1 h6 9. b3 Qb4+ 10. Nd2 Qc3 11. Ba3 Nb4 12. Bxb4 Qxb4 13. Bd3 Nf6 14. 0-0 0-0 15. Re1 b5 16. a4 Bb7 17. Qe2 Bc6 18. a5 Rfe8 19. Nf1 Rad8 20. c4 bxc4 21. bxc4 Qc5 22. g4 Re6 23. Ng3 Rb8 24. h4 Rb3 25. Red1 Rd6 26. Nf5 Re6 27. Ra2 Nxg4 28. h5 Nf6 29. Kh2 Nh7 30. Rb2 Rxb2 31. Qxb2 Re8 32. f4 Nf6 33. Qg2 Nxh5 34. Be2 Bxe4 35. Qxe4 Qf2+ 36. Qg2 Qxf4+ 37. Ng3 Nf6 38. Rf1 Qh4+ 39. Qh3 Qxh3+ 40. Kxh3 Rc8 41. Nf5 Kh7 42. Nd6 Rc5 43. Nb7 Rc7 44. Rb1 d5 45. c5 d4 46. Bxa6 e4 47. Bc4 d3 48. a6 d2 49. Be2 Nd5 50. Ra1 Nf4+ 51. Kh2 Nxe2 52. a7 Rc8 53. c6 Nc1 54. a8Q Rxa8 55. Rxa8 d1Q 56. c7 Qe2+ 57. Kh1 Qf1+ 0-1

[Event "Sarajevo Bosna op 48th"]
[Site "Sarajevo"]
[Date "2018.05.06"]
[Round "3"]
[White "Camdzija, Samir"]
[Black "Hoeneveld, Maarten"]
[Result "0-1"]
[WhiteElo "1822"]
[BlackElo "2045"]
[PlyCount "54"]
[EventDate "2018.05.05"]
[EventType "swiss"]
[EventRounds "9"]
[EventCountry "BIH"]
[SourceTitle "CBM 184 Extra"]
[Source "ChessBase"]
[SourceDate "2018.06.28"]
[SourceVersion "1"]
[SourceVersionDate "2018.06.28"]
[SourceQuality "1"]

1. e4 e5 2. Nf3 Nf6 3. d3 Nc6 4. h3 d5 5. exd5 Nxd5 6. Bd2 Bc5 7. Nc3 0-0 8. Ne4 Bb6 9. Be2 f5 10. Ng3 Qe8 11. 0-0 Qg6 12. Kh2 e4 13. Ng1 e3 14. fxe3 Bxe3 15. c4 f4 16. Ne4 Bxg1+ 17. Rxg1 Nf6 18. Nxf6+ Rxf6 19. Be1 Nd4 20. Bh5 Qg5 21. Bf2 Rh6 22. Bf3 Bd7 23. g4 Nxf3+ 24. Qxf3 Bc6 25. Qd1 Re8 26. b4 Rxh3+ 27. Kxh3 Re3+ 0-1

[Event "Sarajevo Galijatovic Memorial"]
[Site "Sarajevo"]
[Date "2018.02.22"]
[Round "4"]
[White "Camdzija, Samir"]
[Black "Gligorevic, Milorad"]
[Result "1-0"]
[WhiteElo "1822"]
[BlackElo "1768"]
[PlyCount "65"]
[EventDate "2018.02.19"]
[EventType "swiss"]
[EventRounds "7"]
[EventCountry "BIH"]
[SourceTitle "CBM 183 Extra"]
[Source "ChessBase"]
[SourceDate "2018.04.19"]
[SourceVersion "1"]
[SourceVersionDate "2018.04.19"]
[SourceQuality "1"]

1. e4 e5 2. Nf3 Nc6 3. Bc4 Nf6 4. Nc3 Nxe4 5. Bxf7+ Kxf7 6. Nxe4 d5 7. Ng3 e4 8. Ng1 Qf6 9. Qh5+ Kg8 10. Qxd5+ Be6 11. Qxe4 Nb4 12. Nh5 Qf7 13. Nf3 Bd5 14. Qg4 Nxc2+ 15. Kf1 Bc4+ 16. Kg1 Nxa1 17. Ng5 Re8 18. h4 Re1+ 19. Kh2 Rxh1+ 20. Kxh1 Qd5 21. b3 Bd3 22. Bb2 Bf5 23. Qg3 Bd6 24. f4 Qd3 25. Qe1 Bd7 26. Bxa1 h6 27. Ne6 Rh7 28. Nexg7 Qg6 29. Bc3 Bf8 30. Nf6+ Kf7 31. h5 Qxg7 32. Nxd7 Qg8 33. f5 1-0